000 01010nam a2200277 i 4500
001 193639
003 ES-MaACL
005 20250825102118.0
007 ta
008 240131s1991 sp | |||| 000 spa
040 _aEs-MaACL
100 1 _aBustos, Clara Isabel de,
_d1965-2003
_eaut
_9234992
245 1 0 _aPrat: "El desinterés por el Ateneo es un síntoma de retraso cultural" /
_cClara Isabel de Bustos
264 1 _a[Madrid] :
_bABC,
_c1991
300 _a2 páginas :
_b1 ilustración ;
_c30 cm
336 _aTexto
_2rdacontent
337 _asin mediación
_2rdamedia
338 _avolumen
_2rdacarrier
500 _aRecorte del artículo de Clara Isabel de Bustos sobre José Prat y el Ateneo de Madrid, publicado en "ABC", 15 de septiembre de 1991
600 1 4 _aPrat, José,
_d1905-1994
_993665
610 2 4 _aAteneo de Madrid-
_vHistoria
_91925
655 4 _aArtículos
_9175745
852 4 _aES-MaACL
_cDEPOF
_j2347-F-15
_9201146
942 _2udc
_cART_PRENSA
_n0
999 _c193639
_d193639